000 00938nam a2200241 a 4500
001 BRCA_806
005 20190320203146.0
008 190508s1997----sp-a---###---#000-0#spa-#
020 _a9233033732
020 _a8489016232
050 4 _aDP302.A5
_b.A72 1997
245 1 0 _aAl-Andalus Allende el Atlántico
_cMercedes García-Arenal, coordinadora ; Federico Mayor Zaragoza, Jeronimo Páez López, presentaciones ; Camilo Álvarez de Morales ... [et al.].
260 _aGranada, España
_bUNESCO/El legado Andalusí
_c1997
300 _a271 p.
_bil. (algunas a color)
_c31 cm.
440 0 _aColección Memoria de los pueblos
_92680
504 _aIncluye referencias bibliográficas
650 1 4 _aÁrabes
_xHistoria
_zEspaña
_92681
651 4 _aAndalucía (España)
_xCivilización
_92682
700 1 _aGarcía Arenal, Mercedes
_92683
700 1 _aPáez López, Jeronimo
_92684
700 1 _aMayor Zaragoza, Federico
_92685
942 _2lcc
_cB
999 _c701
_d701